2010's NFL Obscure RB's - Statistics

General Stats
  • This quiz has been taken 49 times
  • The average score is 5 of 15
Answer Stats
Hint Answer % Correct
Panthers 2013 Mike Tolbert
68%
Redskins 2012 Alfred Morris
58%
Bengals 2014 Jeremy Hill
58%
Ravens 2014 Justin Forsett
53%
Bills 2012 CJ Spiller
43%
Cowboys 2015 Darren McFadden
40%
Bears 2016 Jordan Howard
35%
Seahawks 2015 Thomas Rawls
33%
49ers 2016 Carlos Hyde
30%
Lions 2016 Theo Riddick
30%
Jaguars 2015 TJ Yeldon
28%
Chargers 2015 Danny Woodhead
25%
Chiefs 2016 Spencer Ware
23%
Broncos 2015 Ronnie Hillman
13%
Giants 2015 Shane Vereen
10%
No matching quizzes found
Score Distribution
Percent of People with Each Score
Percentile by Number Answered
Your Score History
You have not taken this quiz